Southville International School and Colleges
Your cart is empty.
  • Cart
  • Lists
    Public lists Eva Luna New books Lux_list list_1
    Your lists Log in to create your own lists
  • Log in to your account
  • Your cookies
  • Search history
Southville International School and Colleges
  • Advanced search
  • Recent comments
  • Most popular
  • Libraries

Log in to your account

Log in with GOOGLE


If you do not have an external account, but do have a local account, you can still log in:

  1. Home
  2. MARC view: Introduction to medical-surgical nursing /
Normal view MARC view ISBD view

Introduction to medical-surgical nursing / (Record no. 329836)

[ view plain ]
MARC details
000 -LEADER
fixed length control field 01263cam a2200337 i 4500
001 - CONTROL NUMBER
control field 18166410
003 - CONTROL NUMBER IDENTIFIER
control field SISC
005 - DATE AND TIME OF LATEST TRANSACTION
control field 20170508170210.0
008 - FIXED-LENGTH DATA ELEMENTS--GENERAL INFORMATION
fixed length control field 140527t20162016moua 001 0 eng
010 ## - LIBRARY OF CONGRESS CONTROL NUMBER
LC control number 2014020551
020 ## - INTERNATIONAL STANDARD BOOK NUMBER
International Standard Book Number 9781455776412 (softcover : alk. paper)
020 ## - INTERNATIONAL STANDARD BOOK NUMBER
International Standard Book Number 1455776416 (softcover : alk. paper)
035 ## - SYSTEM CONTROL NUMBER
System control number (DNLM)101633388
040 ## - CATALOGING SOURCE
Original cataloging agency DNLM/DLC
Language of cataloging eng
Transcribing agency DLC
Description conventions rda
Modifying agency DLC
042 ## - AUTHENTICATION CODE
Authentication code pcc
050 00 - LIBRARY OF CONGRESS CALL NUMBER
Classification number RT 41
Item number .L735 2016
060 10 - NATIONAL LIBRARY OF MEDICINE CALL NUMBER
Classification number WY 100.1
082 00 - DEWEY DECIMAL CLASSIFICATION NUMBER
Classification number 617/.0231
100 1# - MAIN ENTRY--PERSONAL NAME
Personal name Linton, Adrianne Dill,
Relator term author.
245 10 - TITLE STATEMENT
Title Introduction to medical-surgical nursing /
Statement of responsibility, etc Adrianne Dill Linton, PhD, RN, FAAN, Professor Emeritus and Former Chair, Department of Family and Community Health Systems, The University of Texas Health Science Center at San Antonio School of Nursing, San Antonio, Texas.
246 3# - VARYING FORM OF TITLE
Title proper/short title Medical-surgical nursing
250 ## - EDITION STATEMENT
Edition statement 6th edition.
260 ## - PUBLICATION, DISTRIBUTION, ETC. (IMPRINT)
Place of publication, distribution, etc US :
Name of publisher, distributor, etc ELSEVIER,
Date of publication, distribution, etc 2016.
300 ## - PHYSICAL DESCRIPTION
Extent xviii, 1387 pages :
Other physical details color illustrations ;
Dimensions 28 cm.
500 ## - GENERAL NOTE
General note Includes index.
650 12 - SUBJECT ADDED ENTRY--TOPICAL TERM
Topical term or geographic name as entry element Nursing Care.
650 22 - SUBJECT ADDED ENTRY--TOPICAL TERM
Topical term or geographic name as entry element Nursing Process.
906 ## - LOCAL DATA ELEMENT F, LDF (RLIN)
a 7
b cbc
c orignew
d 1
e ecip
f 20
g y-gencatlg
942 ## - ADDED ENTRY ELEMENTS (KOHA)
Source of classification or shelving scheme Library of Congress Classification
Koha item type Books
Holdings
Withdrawn status Lost status Source of classification or shelving scheme Damaged status Home library Current library Shelving location Date acquired Source of acquisition Cost, normal purchase price Sub Shelving location Total Checkouts Full call number Barcode Date last seen Date checked out Price effective from Koha item type
    Library of Congress Classification   College Library College Library Reserve Section 05/08/2017 Library Fund 10410.00   1 RT 41 .L735 2016 C20876 10/11/2022 10/04/2022 05/08/2017 Books

Introduction to medical-surgical nursing /

APA

Linton A. D., . (2016). Introduction to medical-surgical nursing. US: ELSEVIER.

Chicago

Linton Adrianne Dill, . 2016. Introduction to medical-surgical nursing. US: ELSEVIER.

Harvard

Linton A. D., . (2016). Introduction to medical-surgical nursing. US: ELSEVIER.

MLA

Linton Adrianne Dill, . Introduction to medical-surgical nursing. US: ELSEVIER. 2016.

  • Place hold
  • Print
  • Cite
  • Add to your cart (remove)
  • Save record
    BIBTEX Dublin Core MARCXML MARC (non-Unicode/MARC-8) MARC (Unicode/UTF-8) MARC (Unicode/UTF-8, Standard) MODS (XML) RIS
  • More searches
    Search for this title in:
    Other Libraries (WorldCat) Other Databases (Google Scholar) Online Stores (Bookfinder.com) Open Library (openlibrary.org)

Exporting to Dublin Core...

SOUTHVILLE LIBRARY

Southville International School and Colleges Library

1281 Tropical Ave. Cor. Luxembourg St., BF Homes International, Las Pinas City

Tel. No. 8256374 / 252358 Loc. 117/146

Powered by Koha